00467nam a22001457a 4500020001800000082001700018100002900035245003900064260003200103300000800135650001600143942000700159952013800166999001700304 a9789351790716 a303.6677 KHA aKhan, Maulana Wahiduddin aThe Age of Peace: Peace is the ... aNoidabGoodword Booksc2015 a192 aPeace-Islam cBK 001040708NFICaHMIbHMIcGENd2017-09-25eGoodword Booksg200.00l1o303.6677 KHAp11-3557r2022-11-15s2022-11-11w2017-09-25yBK c20661d20661